Statistics for Countries but, Which Continent They Are in - Part 1

Click here to take the quiz!

General Stats

  • This quiz has been taken 48 times
    (9 since last reset)
  • The average score is 64 of 75

Answer Stats

HintAnswer% Correct
AfghanistanAsia
100%
BahrainAsia
100%
BhutanAsia
100%
BangladeshAsia
100%
BruneiAsia
100%
Armenia (Europe is a choice too)Eurasia
100%
Azerbaijan (Europe is a choice too)Eurasia
100%
BurundiAfrica
88%
Ivory CoastAfrica
88%
Cabo VerdeAfrica
88%
CambodiaAfrica
88%
CameroonAfrica
88%
Central _____ RepublicAfrica
88%
EritreaAfrica
88%
ChadAfrica
88%
Equatorial GuineaAfrica
88%
EgyptAfrica
88%
ComorosAfrica
88%
Republic of CongoAfrica
88%
Democratic Republic of CongoAfrica
88%
DjiboutiAfrica
88%
Burkina FasoAfrica
88%
EthiopiaAfrica
88%
EswatiniAfrica
88%
AlgeriaAfrica
88%
AngolaAfrica
88%
BeninAfrica
88%
Guinea-BissauAfrica
88%
GabonAfrica
88%
The GambiaAfrica
88%
BotswanaAfrica
88%
GhanaAfrica
88%
GuineaAfrica
88%
ChinaAsia
88%
Georgia (Europe is a choice too)Eurasia
88%
Holy SeeEurope
88%
GermanyEurope
88%
GreeceEurope
88%
FranceEurope
88%
FinlandEurope
88%
Czech RepublicEurope
88%
EstoniaEurope
88%
DenmarkEurope
88%
HungaryEurope
88%
BelarusEurope
88%
AndorraEurope
88%
AlbaniaEurope
88%
AustriaEurope
88%
BulgariaEurope
88%
Bosnia and HerzegovinaEurope
88%
BelgiumEurope
88%
CroatiaEurope
88%
CubaNorth America
75%
HondurasNorth America
75%
HaitiNorth America
75%
Antigua and BarbudaNorth America
75%
GuatemalaNorth America
75%
GrenadaNorth America
75%
The BahamasNorth America
75%
BarbadosNorth America
75%
BelizeNorth America
75%
El SalvadorNorth America
75%
CanadaNorth America
75%
Dominican RepublicNorth America
75%
DominicaNorth America
75%
Costa RicaNorth America
75%
FijiOceania
75%
Australia (Country)Oceania
75%
BoliviaSouth America
75%
BrazilSouth America
75%
ChileSouth America
75%
ArgentinaSouth America
75%
EcuadorSouth America
75%
GuyanaSouth America
75%
ColombiaSouth America
75%

Score Distribution

Percentile by Number Answered

Percent of People with Each Score

Your Score History

You have not taken this quiz since the last reset